| 000 | 00401nam a22001577a 4500 | ||
|---|---|---|---|
| 999 |
_c9232 _d9232 |
||
| 003 | OSt | ||
| 008 | 201119b ||||| |||| 00| 0 eng d | ||
| 020 | _a9789380896007 | ||
| 100 | _aJain, M.L and Dhaonchak, Poonam Kumari | ||
| 245 | _aAlgebra (Sem. 1/ B.Sc. 1) | ||
| 250 | _a19th Ed. | ||
| 260 |
_aNew Delhi _bJevvansons _c2020 |
||
| 300 | _aMisc | ||
| 650 | _aB.Sc. Non Medical | ||
| 942 |
_2ddc _cBK _06 |
||